000
00347nam a2200157Ia 4500
003
OSt
005
20240304121200.0
008
170523s9999 xx 000 0 und d
020
_a
978-0415772624
040
_c
IIMTU
100
_a
SAKONKVISIT
245
0
_a
INTERNATIONAL MARKETING
260
_b
NEW DELHI PHI
260
_c
2000
942
_2
ddc
_c
02
999
_c
894
_d
894